| 000 | 00772cam a2200265 4500 | ||
|---|---|---|---|
| 001 | ABS66332 | ||
| 008 | 030122n2003 000 0 eng u | ||
| 035 | _a(Sirsi) u121094 | ||
| 245 | _aFocus 2003: Kent | ||
| 260 | _c2003 | ||
| 490 |
_aEstates Gazette _v 18 January 2003, 77-97(13) |
||
| 590 | _aABS | ||
| 650 | _aINDUSTRIAL MARKET | ||
| 650 | _aPROPERTY-COMMERCIAL PROPERTY-OFFICE PROPERTY-OFFICE PROPERTY MARKET | ||
| 650 | _aPROPERTY-COMMERCIAL PROPERTY-RETAIL PROPERTY-RETAIL PROPERTY MARKET | ||
| 650 | _aMAIDSTONE | ||
| 650 | _aKENT | ||
| 650 | _aASHFORD | ||
| 650 | _aDARTFORD | ||
| 650 | _aGRAVESEND | ||
| 650 | _aTHAMES GATEWAY | ||
| 650 | _aCHANNEL TUNNEL | ||
| 690 | _aPROPERTY-COMMERCIAL PROPERTY-COMMERCIAL PROPERTY MARKET | ||
| 942 | _n0 | ||
| 999 |
_c71954 _d71954 |
||